000
00242as aa2200097a 44500
090
_a
SERIADAS
_b
00966
245
1
0
_a
Scientiae
260
_b
UniversidadNacional de Colombia. Facultad de Ciencias
_a
Colombia
041
0
_a
EspaƱol
942
_c
REVISTA
999
_c
17109
_d
17109